[Event "Victoria de Giron Cup tt"]
[Site "Matanzas"]
[Date "2018.10.03"]
[Round "3.4"]
[White "Iglesias, Michel"]
[Black "Almirall Exposito, Pedro Antonio"]
[Result "1/2-1/2"]
[WhiteElo "2136"]
[BlackElo "2186"]
[PlyCount "45"]
[EventDate "2018.10.02"]
[EventType "team-tourn"]
[EventRounds "9"]
[EventCountry "CUB"]
[SourceTitle "EXT 2021"]
[Source "ChessBase"]
[SourceDate "2020.10.23"]
[SourceVersion "1"]
[SourceVersionDate "2020.10.23"]
[SourceQuality "1"]

1. e4 c5 2. Nf3 e6 3. d3 Nc6 4. g3 a6 5. Bg2 g6 6. d4 cxd4 7. Nxd4 Bg7 8. Nxc6 bxc6 9. Qd6 Qe7 10. Qxe7+ Nxe7 11. 0-0 Rb8 12. Nc3 d5 13. Rd1 0-0 14. Na4 Rb4 15. Nc3 d4 16. Ne2 c5 17. c3 Rb7 18. cxd4 cxd4 19. Nf4 Bd7 20. Bf1 e5 21. Nd3 Bg4 22. Re1 Rc8 23. f4 1/2-1/2

[Event "Victoria de Giron Cup tt"]
[Site "Matanzas"]
[Date "2018.10.02"]
[Round "1.4"]
[White "Muguercia Donner, Rayner"]
[Black "Iglesias, Michel"]
[Result "1/2-1/2"]
[WhiteElo "2168"]
[BlackElo "2136"]
[PlyCount "39"]
[EventDate "2018.10.02"]
[EventType "team-tourn"]
[EventRounds "9"]
[EventCountry "CUB"]
[SourceTitle "EXT 2021"]
[Source "ChessBase"]
[SourceDate "2020.10.23"]
[SourceVersion "1"]
[SourceVersionDate "2020.10.23"]
[SourceQuality "1"]

1. e4 e5 2. Nf3 Nc6 3. Bb5 a6 4. Bxc6 dxc6 5. d4 exd4 6. Qxd4 Qxd4 7. Nxd4 Nf6 8. Nc3 Bc5 9. Nb3 Bb6 10. f3 a5 11. Bf4 0-0 12. Na4 Be6 13. Nxb6 cxb6 14. 0-0-0 a4 15. Nd4 Bxa2 16. Bc7 Rfc8 17. Bg3 b5 18. Nf5 Re8 19. Nd6 Re7 20. Rd3 1/2-1/2